Find Five 'U' and 'V' Things Quiz Stats

 Plays Quiz Updated Jun 2, 2018

Challenge
Share
Tweet
Embed
Score 0/50 Timer 05:00
0 Plays Today
% Correct
Uganda
93.7%
Ukraine
93.5%
Uruguay
92.7%
Ukulele
92.1%
Volvo
91.8%
Uzbekistan
91.3%
Viola
90.7%
Vienna
90.2%
Volkswagen
89.1%
Vibraphone
86.3%
Venus
82.6%
Velociraptor
81.5%
Violoncello
81.4%
Vishnu
80.2%
Vauxhall
79.2%
Vulture
79.2%
Ulaanbaatar
76%
Viper
74.1%
Vanuatu
72.8%
Umbrellabird
71.6%
Vulcan
70%
Valencia
69.4%
Vole
66.9%
Vaduz
65.4%
Vuvuzela
65%
% Correct
Villarreal
64.8%
Vesta
64.3%
Vilnius
63.2%
Vishwakarma
62.6%
Vencer
62%
Uniti
61.5%
Vulpix
58.2%
Varys
58%
Veerabhadra
55.7%
Viktoria Plzeň
55.3%
Unirea Urziceni
54.7%
Viserys
53.1%
Voltorb
52.7%
Vaporeon
51.1%
Vayu
50.2%
Venomoth
48.1%
Varamyr
48%
Vientiane
47.7%
Vileplume
43%
Udinese
36.9%
Victarion
34.1%
Umma
32.2%
Vertumnus
28.9%
Valli
27.1%
Vejovis
11.5%

You're not logged in!

Compare scores with friends on all Sporcle quizzes.
Join for Free
OR
Log In

You Might Also Like...

Show Comments

Extras

Top Quizzes Today


Score Distribution

Your Account Isn't Verified!

In order to create a playlist on Sporcle, you need to verify the email address you used during registration. Go to your Sporcle Settings to finish the process.

Report this User

Report this user for behavior that violates our Community Guidelines.

Details: